Statistiken für Deutsche Geschichte - Juni

Klicken Sie hier um das Quiz zu spielen!

Allgemein

  • Dieses Quiz wurde 82 mal gespielt
  • Das Durchschnittsergebnis liegt bei 19 aus 30

Antwortstatistiken

TagJahrFrageAntwort% Korrekt
151888Dieser deutsche Kaiser stirbt an KehlkopfkrebsFFriedrich III.
97%
171954Deutscher Feiertag der erstmals begangen wurdeETag der Deutschen {Einheit}
97%
261945Diese Partei wird gegründetCCDU
94%
131886Dieser bayerische König ertrinkt im Starnberger SeeLLudwig II.
94%
91884Wilhelm I. legt den Grundstein dieses Gebäudes
"Dem deutschen Volke"
RReichstag
92%
21878Karl Eduard Noibling verübt ein Attentat auf diesen deutschen KaiserWWilhelm I.
92%
61990Infolge der Wiedervereinigung kann Susanne Albrecht, auf Grund der Mitgliedschaft an dieser terroristischen Vereinigung und der Ermordung Jürgen Pontos, verhaftet werdenRRAF
89%
211156Dieser Augusta Vindelicum genannten Stadt wird nach 1035 Jahren das Stadtrecht erneut verliehenAAugsburg
85%
31740Friedrich II. verbietet diese Methode der Wahrheitsermittlung bei allen Strafverfahren außer denen die Hoch-, Landesverrat und mehrfachem Mord behandelnFFolter
85%
191933Diese faschistische Partei wird in Österreich verbotenNNSDAP
85%
181815Gebhard von Blücher und Arthur Wellesley schlagen Napoleon in dieser SchlachtWSchlacht von {Waterloo}
85%
281914Der serbische Terrorist Gavrilo Princip erschießt Erzherzog Franz Ferdinand in dieser StadtSSarajevo
83%
291951Dieser spätere Papst wird in Freising zum Priester geweiht
Gesucht ist der Name als Papst
Nicht der bürgerlich Name
BBenedikt XVI.
82%
51966Dieser Politiker wird zum Vorsitzenden der SPD gewähltBWilly Brandt
82%
251953In Deutschland wird diese Wahlhürde eingeführtF{Fünf-Prozent}-Hürde
79%
11697Dieser sächsische Kurfürst tritt zum Katholizismus überA{August} II. der Starke
72%
141866Dieser Krieg beginntD{Deutscher} Krieg
72%
101190Dieser deutsche Kaiser ertrinkt in KilikienBFriedrich I. {Barbarossa}
70%
161950In der DDR beginnt eine antiamerikanische Propagandakampagne die die Amerikaner beschuldigt diese Insekten über ostdeutschen Feldern abzuwerfenK{Kartoffel}käfer
62%
231920In Deutschland werden diese Privilegien abgeschafftA{Adels}privilegien
59%
111742Im Vorfrieden von Breslau tritt Österreich einen Großteil dieses Herzogtums an Preußen abSSchlesien
56%
81815Dieser Bund wird offiziell gegründetDDeutscher Bund
48%
301934"Die Nacht der langen Messer" führt zur Verhaftung und anschließenden Ermordung dieses Reichführers der SARErnst Röhm
44%
71840Dieser preußische König wird gekröntFFriedrich Wilhelm IV.
37%
20840Ludwig der Deutsche, Sohn Ludwigs des Frommen, wird erster König des Ostfrankenreichs
Die Erbteilung wird in diesem Vertrag (843) geregelt
VVertrag von {Verdun}
37%
241916Beginn dieser Schlacht im Ersten WeltkriegSSchlacht an der {Somme}
35%
221933Dieser nationalsozialistische Innenminister verbietet der SPD jedwede TätigkeitFWilhelm Frick
11%
121815In Jena wird diese Studentenverbindung gegründetU{Urburschen}schaft
10%
271866Pyrrhus-Sieg des Königreichs Hannover gegen Preußen
Aufgrund akuten Munitionsmangels muß Hannover kurz nach der Schlacht (29. Juni) kapitulieren
LSchlacht bei {Langensalza}
7%
41745Friedrich II.besiegt in dieser Schlacht das österreichisch-sächsische Heer Karls von LothringenHSchlacht bei {Hohenfriedberg}
4%

Verteilung der Resultate

Perzentil nach korrekt beantworteten Fragen

Anzahl Personen mit jedem Resultat

Ihre Resultats-Entwicklung

Sie haben dieses Quiz noch nicht gespielt